000 00851nam a2200217Ia 4500
003 GCL
008 140319s9999 xx 000 0 ara d
020 _a100309953
040 _aGCL /
_cGCL
082 0 4 _a031
_bد ع
245 1 0 _aعالم الاحداث الامنية والسياسية والرياضية والبيئية والعلمية والاجتماعية فى القرن العشرين
250 _aالاولى
260 _aبيروت :
_bدار الراتب الجامعية ،
_c2005
300 _a112 ص ؛
_c28 سم
650 0 4 _aدوائر المعارف العربية
650 0 4 _aالسياسة - دوائر المعارف
650 0 4 _aالبيئة - دوائر معارف
650 0 4 _aالرياضة - دوائر معارف
650 0 4 _aالاكتشافات العلمية - دوائر معارف
942 _2ddc
_cBK
999 _c9443
_d9443